Nationalities of People on the SS City of Benares (Children's Ship) - Statistics

General Stats
  • This quiz has been taken 9 times
  • The average score is 12 of 15
Answer Stats
% of People Survived # of People Who Sailed Answer % Correct
75% 4 Australia
100%
34% 195 England / Scotland
100%
100% 1 France
100%
50% 8 Germany
100%
39% 166 India
100%
100% 1 Ireland
100%
0% 1 United States
100%
50% 8 Canada
83%
0% 2 Netherlands
83%
0% 1 Switzerland
83%
0% 1 Iran
50%
0% 12 Wales
50%
0% 1 Czechoslovakia
33%
33% 3 Hungary
33%
50% 2 Poland
33%
No matching quizzes found
Score Distribution
Percent of People with Each Score
Percentile by Number Answered
Your Score History
You have not taken this quiz